<?xml version="1.0" encoding="UTF-8"?><?xml-stylesheet type="text/xsl" href="static/style.xsl"?><OAI-PMH xmlns="http://www.openarchives.org/OAI/2.0/" xmlns:xsi="http://www.w3.org/2001/XMLSchema-instance" xsi:schemaLocation="http://www.openarchives.org/OAI/2.0/ http://www.openarchives.org/OAI/2.0/OAI-PMH.xsd"><responseDate>2026-04-28T21:01:18Z</responseDate><request verb="GetRecord" identifier="oai:uvadoc.uva.es:10324/8167" metadataPrefix="marc">https://uvadoc.uva.es/oai/request</request><GetRecord><record><header><identifier>oai:uvadoc.uva.es:10324/8167</identifier><datestamp>2025-02-19T08:00:16Z</datestamp><setSpec>com_10324_38</setSpec><setSpec>col_10324_852</setSpec></header><metadata><record xmlns="http://www.loc.gov/MARC21/slim" xmlns:doc="http://www.lyncode.com/xoai" xmlns:xsi="http://www.w3.org/2001/XMLSchema-instance" xmlns:dcterms="http://purl.org/dc/terms/" xsi:schemaLocation="http://www.loc.gov/MARC21/slim http://www.loc.gov/standards/marcxml/schema/MARC21slim.xsd">
<leader>00925njm 22002777a 4500</leader>
<datafield tag="042" ind1=" " ind2=" ">
<subfield code="a">dc</subfield>
</datafield>
<datafield tag="720" ind1=" " ind2=" ">
<subfield code="a">Fresno Lázaro, María Cristina</subfield>
<subfield code="e">author</subfield>
</datafield>
<datafield tag="260" ind1=" " ind2=" ">
<subfield code="c">2014</subfield>
</datafield>
<datafield tag="520" ind1=" " ind2=" ">
<subfield code="a">En el planteamiento del trabajo diferencio tres fases:&#xd;
En la primera se realiza un estudio del marco teórico que sustenta el tema elegido: “motivación y motivación laboral”.&#xd;
En la segunda se plantea una investigación sobre el estado de la cuestión a través de la realización de una entrevista a una muestra representativa de empleados públicos pertenecientes a distintos Cuerpos y Escalas.&#xd;
En la tercera se analizan las respuestas obtenidas y se extraen las conclusiones pertinentes, finalizando con la exposición de unas propuestas de mejora derivadas de las respuestas obtenidas.</subfield>
</datafield>
<datafield tag="024" ind2=" " ind1="8">
<subfield code="a">http://uvadoc.uva.es/handle/10324/8167</subfield>
</datafield>
<datafield ind1=" " ind2=" " tag="653">
<subfield code="a">Motivación laboral</subfield>
</datafield>
<datafield ind1=" " ind2=" " tag="653">
<subfield code="a">Administraciones públicas</subfield>
</datafield>
<datafield tag="245" ind1="0" ind2="0">
<subfield code="a">La motivación laboral: una propuesta de mejora en las administraciones públicas</subfield>
</datafield>
</record></metadata></record></GetRecord></OAI-PMH>